Elektronische Bauelement /

Saved in:
Bibliographic Details
Main Author: Rumpf, Karl-Heinz (Author)
Format: Book
Language:German
Published: Berlin : Verlag Technik, 1986
Tags: Add Tag
No Tags, Be the first to tag this record!

MARC

LEADER 00000nam a22000003a 4500
001 stu4703
005 20150617225811.4
008 931103s1986----ge------------------ger-d
040 |a STU  |b slo 
041 0 |a ger 
044 |a ge 
080 |a 621.38(038) 
100 1 |a Rumpf, Karl-Heinz  |4 aut 
245 1 |a Elektronische Bauelement /  |c [aut.] Rumpf,K.-H 
260 |a Berlin :  |b Verlag Technik,  |c 1986 
300 |a 253 s 
996 |b E61722  |c E*61722  |l EE05  |s P  |a 0  |w stu4703_0001